000 00651nam a2200253Ia 4500
005 20250425162719.0
008 250425s9999 xx 000 0 und d
020 _a9978864083
041 _aspa
043 _aec
082 _a348.022624
100 _aCORPORACION, DE ESTUDIOS Y PUBLICACIONES
245 0 _aLEY ORGANICA DE EDUCACION SUPERIOR
250 _aS.E.
260 _aEcuador
_bCORPORACION DE ESTUDIOS Y PUBLICACIONES
_c2017
260 _aQUITO
300 _a65
500 _aTOMO I
650 _aEDUCACION
650 _aLEY ORGANICA
710 _aCORPORACION DE ESTUDIOS Y PUBLICACIONES
942 _c01
010 _a101999
999 _c234943
_d234943